Introduction to chemistry /
Enregistré dans:
| Auteur principal: | |
|---|---|
| Format: | Sách giấy |
| Publié: |
New York :
Wiley,
2000
|
| Édition: | 8th ed. |
| Sujets: | |
| Accès en ligne: | Table of Contents Publisher description |
| Tags: |
Ajouter un tag
Pas de tags, Soyez le premier à ajouter un tag!
|
| Thư viện lưu trữ: | Thư viện Trường Đại học Đà Lạt |
|---|
| LEADER | 01031nam a2200361 4500 | ||
|---|---|---|---|
| 001 | DLU060057086 | ||
| 005 | ##20061201 | ||
| 008 | ##990316s2000 nyua 001 0 eng | ||
| 010 | # | # | |a 99022865 |
| 020 | # | # | |a 0471180424 (paper : alk. paper) |
| 035 | # | # | |a (DLC) 99022865 |
| 040 | # | # | |a DLC |c DLC |d DLC |
| 050 | # | # | |a QD31.2 |b .D53 2000 |
| 082 | # | # | |a 540.076 |b DI-T |
| 100 | # | # | |a Dickson, T. R. |
| 245 | # | # | |a Introduction to chemistry / |c T.R. Dickson |
| 250 | # | # | |a 8th ed. |
| 260 | # | # | |a New York : |b Wiley, |c 2000 |
| 300 | # | # | |a 163 p. : |b ill. ; |c 28 cm |
| 500 | # | # | |a Includes index. |
| 650 | # | # | |a Chemistry. |
| 856 | # | # | |3 Table of Contents |u http://www.loc.gov/catdir/toc/onix04/99022865.html |
| 856 | # | # | |3 Publisher description |u http://www.loc.gov/catdir/description/wiley039/99022865.html |
| 923 | # | # | |a 30/2006 |
| 992 | # | # | |a 8.200 |
| 994 | # | # | |a DLU |
| 900 | # | # | |a True |
| 911 | # | # | |a Đào Thị Thu Huyền |
| 925 | # | # | |a G |
| 926 | # | # | |a A |
| 927 | # | # | |a SH |
| 980 | # | # | |a Thư viện Trường Đại học Đà Lạt |


